Badang makan muntah hantu

Bibliographic Details
Main Author: Jamiliah
Corporate Author: Title
Format: Book
Published: Selangor : Pustaka Mawar , 2004
Series:Kisah lagenda melayu klasik
Subjects:

MARC

LEADER 00000cam a2200000 7i4500
001 0000002990
005 20220105103940.0
008 070717
020 |a 9838753793(set) 
020 |a 9838753815 
090 0 0 |a JP   |b CT MAL (3669) 
100 0 |a Jamiliah 
245 1 0 |a Badang makan muntah hantu   |c Jamiliah 
260 |a Selangor :   |b Pustaka Mawar ,   |c 2004 
440 0 |a Kisah lagenda melayu klasik 
500 |a Children age 4-6 years old (yellow) 
650 0 |a Folk literature, Malay 
650 0 |a Tales, Malay 
710 0 |a Title 
999 |a 0000971846   |b Book   |c Children Collection   |e Perbadanan Perpustakaan Awam Johor 
999 |a 0000971847   |b Book   |c Children Collection   |e Perbadanan Perpustakaan Awam Johor 
999 |a 0000971848   |b Book   |c Children Collection   |e Perbadanan Perpustakaan Awam Johor 
999 |a 0000971849   |b Book   |c Children Collection   |e Perbadanan Perpustakaan Awam Johor 
999 |a 0000971850   |b Book   |c Children Collection   |e Perbadanan Perpustakaan Awam Johor